| 000 | 00442nam a2200181Ia 4500 | ||
|---|---|---|---|
| 008 | 230524s9999 xx 000 0 und d | ||
| 020 | _a8174463461 | ||
| 082 |
_a658.4012 _bRAO |
||
| 100 | _aV S P Rao | ||
| 245 | 0 | _aStrategic Management : Text and Cases | |
| 250 | _aIST | ||
| 260 |
_aNEW DELHI _bExcel _c2009 |
||
| 300 | _aXIV;705 | ||
| 500 | _aQuantity Number: 5 | ||
| 650 | _aManagement | ||
| 700 | _a V Hari Krishna | ||
| 942 | _cBK | ||
| 999 |
_c46862 _d46862 |
||